La otra televisión : por qué no temenos televisión pública /

Estudio sobre la televisión de propiedad estatal en México, cuyas características son examinadas tras abordar la discusión conceptual sobre la transformación de las relaciones entre espacio público, medios de comunicación y Estado, en un contexto -como es el inicio del siglo XXI- de repliegue del Es...

Fuld beskrivelse

Guardado en:
Bibliografiske detaljer
Hovedforfatter: Ortega Ramírez, Patricia (autor)
Format: Bog
Sprog:spansk
Udgivet: México : Análisis, Ediciones y Cultura, 2006, c2006
Fag:
Tags: Tilføj Tag
Ingen Tags, Vær først til at tagge denne postø!

MARC

LEADER 00000nam^a2200000^a^4500
001 000189841
005 20250521000000.0
009 20260310102429.178
020 |a 970-9997-01-7 
037 |a Acervo ITESO - Biblioteca 
041 |a ESP 
082 |a 302. 234420972  |b ORT 
100 |a Ortega Ramírez, Patricia  |e (autor) 
245 1 3 |a La otra televisión :  |b por qué no temenos televisión pública /  |c P. Ortega Ramírez. 
264 4 |a México :  |b Análisis, Ediciones y Cultura,  |c 2006, c2006 
300 |a 302 p. 
336 |a texto  |b txt  |2 rdacontenido 
337 |a sin mediación  |b n  |2 rdamedio 
338 |a volumen  |b nc  |2 rdasoporte 
520 |a Estudio sobre la televisión de propiedad estatal en México, cuyas características son examinadas tras abordar la discusión conceptual sobre la transformación de las relaciones entre espacio público, medios de comunicación y Estado, en un contexto -como es el inicio del siglo XXI- de repliegue del Estado en la vida pública de las naciones y de grandes transformaciones económicas y tecnológicas que modifican la noción de espacio público. La dependencia política, la escasez de recursos y la presencia hegemónica de la televisión comercial han influido para que la televisión pública se haya desarrollado en México como una alternativa de carácter cultural y/o educativo, en el mejor de los casos, y más frecuentemente, un medio al servicio del gobierno, con escasa incidencia en el desarrollo cultural y social. 
649 |a XX 
650 |a Televisión Pública -  |z México -  |x Tema Principal 
650 |a Televisión Pública -  |z México -  |x Historia -  |y 1946-2000 
650 |a Televisión Pública -  |z México -  |x Historia -  |y Siglo XX 
650 |a Televisión Pública -  |z América 
650 |a Televisión Pública -  |z Europa 
650 |a Televisión -  |z México 
650 |a Medios Audiovisuales -  |z México 
650 |a Medios de Comunicación y Estado -  |z México 
650 |a Medios de Comunicación -  |z México 
650 |a Sistemas Públicos de Comunicación -  |z México 
650 |a Comunicación y Democracia -  |z México 
650 |a Comunicación y Política -  |z México 
650 |a Comunicación Visual -  |z México 
650 |a Comunicación Masiva -  |z México 
650 |a Vida Pública -  |z México 
650 |a Sociología de la Comunicación 
910 |a Fondo General 
920 |a Impresos - Libros 
930 |a Colección General 
905 |a 101 
901 |a 0500132905  |b IT1  |c ACC  |u 20250521 
902 |a https://opac.biblio.iteso.mx/vufind/Record/000189841